|
|
|
|
| LEADER |
00577nam a2200169Ia 4500 |
| 001 |
148573 |
| 008 |
170722s9999 xx 000 0 und d |
| 020 |
|
|
|a 8186706232
|
| 100 |
|
|
|a Ray, Raka
|
| 245 |
|
|
|a Fields of protest
|b Women's movements in India /
|
| 260 |
|
|
|b Kali for women ,
|c 1999.
|
| 300 |
|
|
|a 217 p.
|
| 653 |
|
|
|a Women S Liberation
|
| 923 |
|
|
|d 20060930
|n MBC-1360/0
|
| 942 |
|
|
|c GEN
|
| 999 |
|
|
|c 133179
|d 133179
|
| 952 |
|
|
|0 0
|1 0
|4 0
|6 Y_1513_2_000000000000000_N91WS
|7 0
|8 WS
|9 188157
|a LIB
|b LIB
|d 2013-03-25
|e Modern Book Centre
|o Y15:13.2 N91(WS)
|p 261694
|r 2017-08-12
|v 250.00
|w 2017-08-12
|y GEN
|